000 00672nam a22002057a 4500
003 DO-SdBNP
005 20211115140839.0
008 211115b2017 dr a|||| |||| 00| 0 spa d
020 _a9789945897210
040 _aDO-SdBNP
_bspa
_cBNPHU
100 1 _aPiedra, René,
_d1952-
_965258
245 1 0 _aFundamentos de matemática avanzada /
_cPiedra, René.
250 _a2da ed.
260 _aSanto Domingo :
_bInstituto Superior de Formación Docente Salomé Ureña,
_c2017.
300 _a299 p.
_c23 cm.
500 _aIncluye datos biográficos del autor en la solapa de la cubierta
504 _aBibliografía : p. 298-299
910 _aLopérez
942 _2ddc
_cLBS1
999 _c50968
_d50968